| 000 | 01518njm a22003257a 4500 | ||
|---|---|---|---|
| 005 | 20100916122235.0 | ||
| 007 | sd ammalaaahaa | ||
| 008 | 100904t xxu||||| |||| 00| 0 hin d | ||
| 028 |
_a7EPE. 7445 _bEMI |
||
| 028 |
_aB-7TJW. 13962 _bEMI |
||
| 028 |
_aB-7TJW. 13963 _bEMI |
||
| 035 | _aGR-02794 | ||
| 040 | _aSED/VEN | ||
| 100 |
_aMangeshkar, Lata _91184 |
||
| 245 |
_aJay-Vejay; Part-1 _bHindi / _cby Lata Mangeshkar & Usha Mangeshkar; Music by Rajesh Roshan; Lyric by Majrooh _h[Sound Recording] : |
||
| 246 | _aजय-विजय (लता मंगेशकर और ऊषा मंगेशकर) | ||
| 260 |
_aDum Dum, India : _bEMI |
||
| 300 |
_a1 sound disc [Gramophone Recording] : _banalog, 33 1/3 rpm ; _c7 in. [SP] _fGramophone Records |
||
| 500 | _aBrief Records | ||
| 500 | _aRecord Labels: EMI, Red | ||
| 505 | _aSong Side-1; मैंने तो लाख जतन (जय-विजय) (लता मंगेशकर और ऊषा मंगेशकर), Song Side-2; तेरी पलकों में (मोहम्मद रफी और सुमन कल्याणपुर)Part 2 | ||
| 600 |
_aMangeshkar, Lata _920259 |
||
| 610 |
_aMangeshkar, Usha _920322 |
||
| 650 |
_aClassical Music _xExcerpts _zIndia _918309 |
||
| 700 |
_918319 _aMangeshkar, Usha |
||
| 700 |
_918320 _aMohammed Rafi |
||
| 700 |
_aKalyanpur, Suman _920323 |
||
| 942 |
_2ddc _cGR |
||
| 999 |
_c46148 _d46148 |
||